Five hundred self-portraits / (Record no. 353387)
[ view plain ]
| 000 -LEADER | |
|---|---|
| fixed length control field | 00937 a2200301 4500 |
| 003 - CONTROL NUMBER IDENTIFIER | |
| control field | OSt |
| 005 - DATE AND TIME OF LATEST TRANSACTION | |
| control field | 20180116192406.0 |
| 008 - FIXED-LENGTH DATA ELEMENTS--GENERAL INFORMATION | |
| fixed length control field | 120613t xxu||||| |||| 00| 0 eng d |
| 010 ## - LIBRARY OF CONGRESS CONTROL NUMBER | |
| LC control number | 2005271259 |
| 020 ## - INTERNATIONAL STANDARD BOOK NUMBER | |
| International Standard Book Number | 0714843849 (pbk.) |
| 020 ## - INTERNATIONAL STANDARD BOOK NUMBER | |
| International Standard Book Number | 9780714843841 |
| 035 ## - SYSTEM CONTROL NUMBER | |
| System control number | (OCoLC)ocm49624584 |
| 040 ## - CATALOGING SOURCE | |
| Transcribing agency | 0 |
| 082 00 - DEWEY DECIMAL CLASSIFICATION NUMBER | |
| Classification number | 704.942 |
| 245 00 - TITLE STATEMENT | |
| Title | Five hundred self-portraits / |
| Statement of responsibility, etc. | [introduction by Julian Bell]. |
| 246 14 - VARYING FORM OF TITLE | |
| Title proper/short title | 500 self-portraits |
| 250 ## - EDITION STATEMENT | |
| Edition statement | Pbk. ed. |
| 260 ## - PUBLICATION, DISTRIBUTION, ETC. | |
| Place of publication, distribution, etc. | London ; |
| -- | New York : |
| Name of publisher, distributor, etc. | Phaidon, |
| Date of publication, distribution, etc. | 2000. |
| 300 ## - PHYSICAL DESCRIPTION | |
| Extent | 548 p. : |
| Other physical details | ill. (chiefly col.) ; |
| Dimensions | 19 cm. |
| 500 ## - GENERAL NOTE | |
| General note | Includes index. |
| 500 ## - GENERAL NOTE | |
| General note | Originally published: 2000. |
| 650 10 - SUBJECT ADDED ENTRY--TOPICAL TERM | |
| Topical term or geographic name entry element | Self-portraits. |
| 9 (RLIN) | 4587 |
| 650 10 - SUBJECT ADDED ENTRY--TOPICAL TERM | |
| Topical term or geographic name entry element | Portraits |
| Chronological subdivision | History |
| 9 (RLIN) | 4588 |
| 650 10 - SUBJECT ADDED ENTRY--TOPICAL TERM | |
| Topical term or geographic name entry element | Portraits |
| Chronological subdivision | art representation |
| 9 (RLIN) | 4589 |
| 700 1# - ADDED ENTRY--PERSONAL NAME | |
| Personal name | Bell, Julian, |
| Dates associated with a name | 1952- |
| 9 (RLIN) | 4590 |
| 942 ## - ADDED ENTRY ELEMENTS (KOHA) | |
| Institution code [OBSOLETE] | SADA |
| Koha item type | Book |
| Call number prefix | 704.942 FIV 2000 |
| Source of classification or shelving scheme | |
| Withdrawn status | Lost status | Source of classification or shelving scheme | Damaged status | Not for loan | Permanent Location | Current Location | Date acquired | Total Checkouts | Full call number | Barcode | Date last seen | Date last checked out | Cost, replacement price | Price effective from | Koha item type |
|---|---|---|---|---|---|---|---|---|---|---|---|---|---|---|---|
| School of Art Design and Architecture (SADA) | School of Art Design and Architecture (SADA) | 06/27/2011 | 5 | 704.942 FIV 2000 | SADA0001323 | 09/22/2015 | 09/07/2015 | 1167.00 | 08/05/2011 | Book |
